| 000 | 01143cam a2200301 a 4500 | ||
|---|---|---|---|
| 001 | 2631 | ||
| 005 | 20240105135244.0 | ||
| 020 | _a0679869840 | ||
| 020 | _a090129003990 | ||
| 040 |
_aMiWaOW _cMiWaOW _dDLC _beng |
||
| 050 | 0 | 0 |
_aPZ7.S6851775 _bHat 1995 |
| 082 | 0 | 0 |
_a813.54 _220 |
| 100 | 1 | _aSnyder, Midori | |
| 245 | 1 | 0 |
_aHatchling / _cby Midori Snyder |
| 260 |
_aNew York : _bRandom House, _c1995 |
||
| 300 |
_a148 pages : _billustrations ; map ; _c20 cm |
||
| 490 |
_aDinotopia _vBook 3 |
||
| 500 | _a"Bullseye books." | ||
| 500 | _a"Based on Dinotopia by James Gurney"--T.p. verso. | ||
| 505 | _aO | ||
| 520 | _aJanet, a young Hatchery apprentice, runs away when she accidentally endangers a dinosaur egg. Then she meets a gravely wounded Gryposaurus, a very rare dinosaur. Entrusted with the dying Gryposaurus's newly laid egg, Janet knows she must brave the wilds of Dinotopia--and return to an uncertain reception at the Hatchery. | ||
| 521 | 0 |
_a790 _bLexile |
|
| 521 | 0 |
_aO _bRaz-Plus |
|
| 650 | 1 |
_aDinosaurs _xFiction. |
|
| 650 | 1 | _aFantasy. | |
| 906 |
_a7 _bcbc _ccopycat _d2 _eopcn _f19 _gy-gencatlg |
||
| 942 |
_2ddc _cBK _n0 |
||
| 999 |
_c2631 _d2631 |
||